[Event "Bundesliga 0304"]
[Site "Germany"]
[Date "2004.03.27"]
[Round "12.6"]
[White "Buhmann, Rainer"]
[Black "Vaganian, Rafael A"]
[Result "0-1"]
[WhiteElo "2532"]
[BlackElo "2623"]
[Annotator "Ribli,Z"]
[PlyCount "92"]
[EventDate "2003.11.01"]
[EventType "team-tourn"]
[EventRounds "15"]
[EventCountry "GER"]
[SourceTitle "CBM 100"]
[Source "ChessBase"]
[SourceDate "2004.06.01"]
[SourceVersion "1"]
[SourceVersionDate "2004.06.01"]
[SourceQuality "1"]
[WhiteTeam "Baden Oos"]
[BlackTeam "Porz"]
[WhiteTeamCountry "GER"]
[BlackTeamCountry "GER"]

1. Nf3 Nf6 2. c4 e6 3. g3 d5 4. d4 Be7 5. Bg2 O-O 6. O-O c6 {Das ist die
geschlossene Variante der Katalanischen Verteidigung - Schwarz nimmt nicht auf
c4, er möchte zuerst die Entwicklung des Damenflügels beenden und
möglicherweise c6-c5 durchsetzen.} 7. Qc2 Nbd7 8. Bf4 {Dieser Zug ist nicht
schlecht, aber die Entwicklung des Läufers auf b2 (8.b3) ist populärer.} b6 9.
cxd5 {Dieser Zug ist nicht ambitionös und gibt Weiß keine Hoffnungen auf
Eröffnungsvorteil.} cxd5 10. Nc3 (10. Rc1 Bb7 11. Qa4 Rc8 12. Nbd2 a6 13. Qd1
Rxc1 14. Rxc1 Qa8 15. Ne5 Rc8 {1/2-1/2 Gutman,L-Bischoff,K/Bremen 1998/CBM 68 
(62)}) (10. Qc6 Ba6 11. Nc3 Qc8 12. Qa4 b5 $5 (12... Qc4 $11) 13. Nxb5 Qc6 14.
Nc3 Qxa4 15. Nxa4 Bxe2 16. Rfc1 Rfc8 $11) 10... Bb7 11. Nb5 {Diese Aufbau
scheint mir gefährlicher bei b3-Damestellung - z.B. nach 7.Qb3 Nbd7 8.Bf4 b6 9.
cxd5 cxd5 10.Nc3 Bb7 11.Nb5, aber auch dort hat Schwarz gute Ausgleichschancen.
} Ne8 12. Rfc1 a6 13. Nc3 Nd6 {[%cal Gd6c4,Gd6e4] Der Springer von d6
kontrolliert die wichtigsten weißen Zentrumsfelder c4 und e4.} 14. Qb3 $6 {
Weiß möchte seine Damenstellung verbessert, da z.B. nach Rc8 die Dame auf c2
weniger gut steht, aber das b3-Feld ist keinesweg gut für die Dame.} (14. Bxd6
{Mit diesem Zug gibt Weiß zwar das Läuferpaar auf, aber das hat keine große
Bedeutung in geschlossenen Stellungen.} Bxd6 15. e3 $11) (14. Qd3 $11) 14...
Nc4 $15 {[%csl Gc4] Weil Weiß nicht b2-b3 ziehen kann, steht der schwarze
Springer noch besser auf c4.} 15. e4 (15. Qc2 $142 {[%cal Gb2b3]} Rc8 $15)
15... b5 {Schwarz beschäftigt sich nicht mit dem e4-Bauern, er verstärkt seine
c4-Springerstellung.} (15... dxe4 16. Nxe4 Bxe4 17. Qxc4 Nf6 $15 {[%csl Rd4,
Yd5] Der d4P ist isoliert und Schwarz kontrolliert den d5-Punkt.}) 16. exd5
exd5 17. Qc2 {Es scheint mir, dass die weiße Dame nicht ihren Platz findet.
Weiß spielte schon 7.Qc2, dann 14.Qb3 und jetzt 17.Qc2.} g5 $1 {[%csl Rf4]
Eine originelle und gute Idee - Schwarz mobilisiert seinen Bauern am
Königsflügel.} 18. Bd2 $2 {[%mdl 8192]} (18. Be3 f5 $15) 18... g4 19. Nh4 (19.
Ne5 Ndxe5 20. dxe5 Nxd2 21. Qxd2 Bg5 {[%csl Rc1,Rd2][%cal Rg5c1]}) 19... Nxd2
20. Qxd2 Bg5 $17 {[%csl Rc1,Rd2][%cal Rg5c1] Mit diesem einfachen Motiv
verliert Weiß die Qualität. Die Schwächung des schwarzen Königsflügels bietet
Weiß nur geringe Hoffnungen auf Gegenspiel.} 21. Qd3 Bxc1 22. Rxc1 Qg5 23. Rf1
(23. Re1 Rae8 $17) (23. Ne2 {[%cal Ge2f4]} Rac8 24. Rd1 $17) 23... b4 24. Nd1
Bc6 {[%cal Rc6b5,Rb5f1] Alles kommt mit Tempo für Schwarz, jetzt droht 24...
Bb5.} 25. Re1 Rae8 26. Rxe8 (26. Ne3 $142 a5 $17 (26... Bb5 27. Qb3 $132) (
26... Re6 27. Qxa6 Ra8 28. Qd3 Rxa2 29. Qb3 $132 {[%cal Rb3a2,Rb3b4]})) 26...
Rxe8 27. Ne3 Bb5 28. Qd2 {Der b4P hängt und Weiß möchte seine Stellung mit
Nhf5 konsolidieren.} Nf6 29. Nhf5 (29. Qxb4 $2 Rxe3 $1 30. fxe3 (30. Qd2 Re5
$19) 30... Qxe3+ $19) 29... Bd7 30. Nd6 Re6 (30... Rb8 $17 31. Bxd5 $6 Nxd5 32.
Ne4 Qh6 33. Nxd5 Qxd2 34. Nxd2 Be6 35. Ne4 Bxd5 36. Nf6+ Kg7 37. Nxd5 b3 $19)
31. Nb7 (31. Qxb4 Rxe3 $1 32. fxe3 Qxe3+ 33. Kf1 Ne8 $1 {Droht 33...Nxd6 und
34...Bb5# und Weiß hat keine Verteidigung.}) 31... Bb5 32. Nc5 Re8 33. Kh1 {
Weiß möchte 34.Qxb4 spielen und in diesem Fall 34...Rxe3 35.fxe3 Qxe3 kommt
nicht mit Schach.} Qg6 {[%cal Gg6b1,Gb1h1]} (33... a5 $17) 34. Qd1 h5 $1 {
[%cal Gh5h4][%mdl 128] Schwarz möchte mit h5-h4 am Königsflügel angreifen.} 35.
h4 gxh3 36. Bxh3 Qg5 {[%cal Gh5h4]} 37. Qf3 h4 38. Kh2 (38. gxh4 Qxh4 $19)
38... hxg3+ 39. Qxg3 Qxg3+ 40. Kxg3 Ne4+ 41. Kf4 (41. Nxe4 Rxe4 42. Nxd5 (42.
Nc2 a5 $19) 42... Rxd4 $19) 41... Nxc5 42. dxc5 d4 $19 {Schwarz hat eine klare
Qualität mehr im Endspiel und sein d-Bauer entscheidet die Partie.} 43. Nc2 d3
44. Ne3 Re7 (44... d2 $19) 45. Bf1 d2 46. Bxb5 axb5 (46... Rxe3 $19) (46...
axb5 47. Nd1 Re1 $19) 0-1

[Event "Moscow Aeroflot op-A"]
[Site "Moscow"]
[Date "2004.02.17"]
[Round "1"]
[White "Matveeva, Svetlana"]
[Black "Vaganian, Rafael A"]
[Result "0-1"]
[WhiteElo "2502"]
[BlackElo "2623"]
[PlyCount "156"]
[EventDate "2004.02.17"]
[EventType "swiss"]
[EventRounds "9"]
[EventCountry "RUS"]
[SourceTitle "CBM 100"]
[Source "ChessBase"]
[SourceDate "2004.06.01"]
[SourceVersion "1"]
[SourceVersionDate "2004.06.01"]
[SourceQuality "1"]

1. d4 e6 2. c4 d5 3. Nc3 Be7 4. cxd5 exd5 5. Bf4 c6 6. Qc2 Bd6 7. Bxd6 Qxd6 8.
e3 Nf6 9. Bd3 Nbd7 10. Nf3 O-O 11. O-O g6 12. Rab1 a5 13. a3 b5 14. Rbc1 Bb7
15. Rfd1 Rfe8 16. Bf1 Re7 17. g3 Ng4 18. Ne2 Nb6 19. Nf4 Nc4 20. Nd3 Rae8 21.
a4 Qf6 22. Bg2 Bc8 23. b3 Ncxe3 24. fxe3 Nxe3 25. Qd2 Nxd1 26. Nde5 bxa4 27.
bxa4 Bf5 28. Qxd1 Rb7 29. Qd2 Reb8 30. Nxc6 Rb2 31. Qf4 R8b6 32. Nfe5 Rb1 33.
Bf1 Rxc1 34. Qxc1 Rb1 35. Qf4 Kg7 36. g4 Bc2 37. Qxf6+ Kxf6 38. Nxa5 Bxa4 39.
Kf2 Kg5 40. Nxf7+ Kf4 41. Ne5 Rb2+ 42. Kg1 Rd2 43. Nac6 Ke3 44. g5 Rd1 45. Kg2
Bc2 46. Ng4+ Kf4 47. Nf6 Be4+ 48. Kf2 Rd2+ 49. Kg1 Ke3 50. Ng4+ Kf3 51. Nf6 Rd1
52. Nb4 Bf5 53. Nc6 Bh3 54. Ne5+ Ke3 55. Nfg4+ Kf4 56. Nd3+ Kxg5 57. Ne3 Bxf1
58. Nf2 Rb1 59. Nxf1 Kf4 60. Kg2 Rb2 61. h3 Ra2 62. Nh2 h5 63. h4 Ke3 64. Nf1+
Kxd4 65. Kf3 Ra3+ 66. Kf4 Ra8 67. Kf3 Rf8+ 68. Ke2 Re8+ 69. Kf3 Re7 70. Nh3
Rf7+ 71. Ke2 Ke5 72. Nd2 Kf5 73. Kf3 Ra7 74. Nf1 Ra3+ 75. Ne3+ Kf6 76. Ke2 d4
77. Nd5+ Ke5 78. Ndf4 Ke4 0-1

[Event "RUS-chT rapid"]
[Site "Sochi"]
[Date "2004.04.??"]
[Round "3"]
[White "Vaganian, Rafael A"]
[Black "Abashev, Denis"]
[Result "1-0"]
[WhiteElo "2623"]
[BlackElo "2398"]
[PlyCount "63"]
[EventDate "2004.04.??"]
[EventType "team (rapid)"]
[EventRounds "9"]
[EventCountry "RUS"]
[SourceTitle "EXT 2005"]
[Source "ChessBase"]
[SourceDate "2004.11.15"]
[SourceVersion "1"]
[SourceVersionDate "2004.11.15"]
[SourceQuality "1"]

1. Nf3 Nf6 2. c4 g6 3. g3 Bg7 4. Bg2 O-O 5. d4 d6 6. Nc3 Nbd7 7. O-O e5 8. h3
c6 9. e3 Re8 10. b3 exd4 11. exd4 d5 12. cxd5 cxd5 13. a4 Nb8 14. Bf4 Nc6 15.
Nb5 Nh5 16. Bg5 f6 17. Bc1 a6 18. Nc3 f5 19. Bg5 Qd6 20. Qd2 Re4 21. Rad1 Be6
22. Nxe4 fxe4 23. Ne5 Nxe5 24. dxe5 Qxe5 25. Be3 Rc8 26. Bd4 Qxd4 27. Qxd4 Bxd4
28. Rxd4 Rc3 29. Rb4 a5 30. Rxb7 d4 31. Bxe4 Bxb3 32. Rxb3 1-0

[Event "ARM-ROW m"]
[Site "Moscow"]
[Date "2004.06.15"]
[Round "6"]
[White "Vaganian, Rafael A"]
[Black "Adams, Michael"]
[Result "1-0"]
[WhiteElo "2639"]
[BlackElo "2731"]
[Annotator "Finkel,A"]
[PlyCount "75"]
[EventDate "2004.06.10"]
[EventType "team"]
[EventRounds "6"]
[EventCountry "RUS"]
[SourceTitle "CBM 102"]
[Source "ChessBase"]
[SourceDate "2004.09.23"]
[SourceVersion "1"]
[SourceVersionDate "2004.09.23"]
[SourceQuality "1"]
[WhiteTeam "Armenia"]
[BlackTeam "Rest of the World"]
[WhiteTeamCountry "ARM"]

1. d4 Nf6 2. Nf3 e6 3. e3 b6 4. Bd3 Bb7 5. O-O d5 6. b3 {This is one of the
favorite variations of Mihail Krasenkow in which he scored crushing wins over
the opponents of very high level.} Bd6 7. Bb2 O-O 8. Ne5 c5 (8... Qe7 9. a3 Rc8
10. Nd2 c5 11. c4 Nbd7 12. f4 Rc7 13. a4 Nf8 14. a5 Rd8 15. Qe2 Ne4 $132 {
Ristic,N-Drasko,M/Kladovo 1991/TD}) (8... Nbd7 9. Qe2 c5 10. Nd2 Qe7 11. Rad1
Rac8 12. f4 g6 13. g4 Rfd8 14. g5 Ne8 15. Rf2 cxd4 16. exd4 Bxe5 17. fxe5 Qxg5+
18. Rg2 Qe7 19. Nf3 $44 {[%cal Gb2c1,Gc1g5] Hoffman,A-Urday,H/Alicante 1989/TD}
) 9. Nd2 Nc6 (9... Ne4 10. Bxe4 dxe4 11. Nec4 cxd4 12. Nxd6 Qxd6 13. Bxd4 e5
14. Nc4 Qe6 15. Nxe5 f6 16. Nc4 Ba6 $13 {Malaniuk,V-Sulskis,S/Bydgoszcz 1999/
EXT 2000}) 10. a3 (10. f4 Nb4 11. Be2 Ne4 12. a3 Nc6 13. Bd3 f5 14. Ndf3 Nxe5
15. Nxe5 Bxe5 16. dxe5 Qe7 $11 {Maneschi,G-Swinkels,R/Arco 2002}) 10... a5 $6 {
Black's plan in this kind of the positions is to play on the queenside. The
main drawback of 10...a5 is that it's very difficult for black to get any
counterplay on the queenside after this move du to the weakness of b5.} (10...
a6 11. f4 (11. Qf3 b5 12. Nxc6 Bxc6 13. dxc5 Bxc5 14. e4 Be7 15. Rfe1 Qc7 $13 {
Zaitsev,V-Jakovenko,D/RUS 2000}) 11... b5 12. dxc5 Bxc5 13. Qf3 Nxe5 14. Bxe5
Nd7 15. Bxh7+ Kxh7 16. Qh5+ Kg8 17. Bxg7 $40 {Plante,M-Gilman,A/Montreal 2000})
(10... Rc8 $5 11. f4 Ne7 (11... cxd4 $6 12. exd4 Ne7 13. Qe2 Bb8 14. g4 Qc7 15.
Rac1 Kh8 16. Rf3 $40 {Barbero,G-Liao,Y/Mercedes 1979/EXT 2000}) 12. Qf3 b5 $1 (
12... Qc7 13. dxc5 bxc5 14. Ng4 Ne8 15. Qh3 f5 16. Nf3 d4 $13 {Sorokin,
G-Zagrebelny,S/Vladivostok 1995/CBM 46}) 13. dxc5 Bxc5 14. Rae1 Nf5 $1 {
[%csl Re3]} 15. Qh3 Ne4 16. Nxe4 dxe4 $36 17. Bxb5 Bxe3+ $5 18. Rxe3 Qb6 19.
Ng4 $2 Nxe3 20. Qxe3 Qxb5 $17 {1/2-1/2 Krasenkow,M-Yu Shaoteng/Wijk aan Zee
2002}) 11. f4 Ne7 12. Rf3 cxd4 13. Bxd4 $1 {There is no point in taking on d4
with the pawn since bringing the bishop inot play is white's main priority.} (
13. exd4 a4) 13... Bxe5 14. fxe5 $1 Ne4 (14... Nd7 15. Rh3 g6 16. Qg4 Nc6 17.
Nf3 Qe7 18. Qg3 $16) 15. Rh3 {[%cal Gd1h5]} Nf5 16. Bxe4 $1 dxe4 17. Nc4 $16 {
[%cal Gc4d6]} Nxd4 (17... b5 18. Qh5 h6 19. Nd6 Qd7 (19... Nxd6 20. exd6 Qg5 (
20... Qxd6 21. Bxg7 $1 $18) 21. Qe2 Qd5 22. Rd1 e5 23. Bc3 Qc5 24. Bxa5 $16)
20. Rf1 Nxd6 21. exd6 f6 22. Bxf6 $18) 18. exd4 Bc6 19. Nd6 Qg5 20. Rc3 Bd5 21.
Rg3 Qf4 22. c4 Bc6 23. Qf1 Qxf1+ (23... Qh6 24. Qf6 Qxf6 25. exf6 g6 26. Kf2
Rfd8 27. c5 $18) 24. Rxf1 $18 Rab8 25. Rf4 b5 26. c5 a4 27. b4 Rbd8 28. Rfg4 g6
29. Rf4 Kg7 30. Rf6 Rd7 31. Kf2 Ra8 32. Ke3 Raa7 33. h4 h6 34. Rh3 Rd8 35. Rh1
Re7 36. h5 g5 (36... Rdd7 37. hxg6 fxg6 38. Rhf1 $18) 37. d5 Bxd5 38. Nxb5 1-0

[Event "EU-Cup 20th"]
[Site "Izmir"]
[Date "2004.10.09"]
[Round "7.2"]
[White "Dvoirys, Semen I"]
[Black "Vaganian, Rafael A"]
[Result "0-1"]
[WhiteElo "2615"]
[BlackElo "2640"]
[Annotator "Psakhis,L"]
[PlyCount "58"]
[EventDate "2004.10.03"]
[EventType "team-swiss"]
[EventRounds "7"]
[EventCountry "TUR"]
[SourceTitle "CBM 104"]
[Source "ChessBase"]
[SourceDate "2005.01.27"]
[SourceVersion "1"]
[SourceVersionDate "2005.01.27"]
[SourceQuality "1"]
[WhiteTeam "Beer Sheva"]
[BlackTeam "Ekaterinburg Max Ven"]
[WhiteTeamCountry "ISR"]
[BlackTeamCountry "RUS"]

1. e4 e6 2. d4 d5 3. e5 c5 4. c3 Qb6 5. Nf3 Nc6 6. a3 c4 7. Nbd2 Na5 8. Be2 ({
Quite often White prefer to play} 8. g3 Bd7 9. h4 {grabbing space on the
kingside and his bishop is taking comfortable position on g2 or h3.}) 8... Bd7
9. O-O Ne7 10. Rb1 Qc7 11. Nh4 (11. Ne1 O-O-O 12. g3 Kb8 13. Ng2 f6 14. Nf3
Nec6 15. h4 fxe5 16. Bg5 Rc8 17. dxe5 Be8 18. Nd4 Nxd4 19. Qxd4 Bg6 20. Rbe1
Bc5 21. Qd1 Qb6 22. h5 Be4 23. Bf3 Bxf3 24. Qxf3 {0-1 Ostrovskiy,A-Ljukin,S/
UKR-ch Simferopol 2003/ (63)}) (11. Ng5 h6 12. Nh3 O-O-O 13. Nf4 g6 14. Re1 Kb8
15. Bf1 Nb3 16. g3 Ba4 17. Ng2 Nc6 18. Qf3 Nca5 19. Nxb3 Nxb3 20. Be3 Be8 21.
Be2 Be7 22. Bd1 Qb6 23. Nf4 Rh7 24. Bc2 Ba4 25. Qd1 Rhh8 $13 {1/2-1/2 Cardelli,
G-Nill,J/corr 2003/Telechess CBM 101 (55)}) (11. Re1 Nc8 12. Nf1 Nb6 13. Bf4
Nb3 14. N3d2 (14. Ne3 O-O-O 15. g3 Bc6 16. Bf1 Kb8 17. h4 Ka8 18. h5 h6 19. Nh4
Be7 20. Neg2 Rdg8 21. Be3 g6 22. Kh1 Be8 23. Be2 g5 24. Nf3 Nd7 25. Nh2 f5 26.
exf6 Nxf6 $132 {0-1 Korneev,O-Pogorelov,R/Collado Villalba op 2000/The Week in
Chess 304 (79)}) 14... Na5 15. Ng3 Ba4 16. Qc1 O-O-O 17. Nh5 Kb8 18. Nf3 Bb3
19. Nd2 Ba4 20. Nf3 Bb3 21. Nd2 {1/2-1/2 Ni Hua-Bareev,E/Beijing International
Kings Challenge 2003/}) 11... Ng6 {'N!?'} (11... O-O-O 12. Bh5 f5 13. exf6 gxf6
14. Re1 Kb8 15. Qf3 Bg7 16. Qg3 Qxg3 17. fxg3 e5 18. b4 cxb3 19. Nxb3 Nxb3 20.
Rxb3 Nc6 21. Bf3 e4 22. Be2 Na5 23. Rb1 Rc8 24. Bd2 Nc4 25. Bxc4 Rxc4 26. Rb4 {
Leeuwestein,C-Pijl,R/The Climb 1997/ChessBase/0-1 (34)}) 12. Ndf3 {It seems
that this plan doesn't promise much.} ({Worth considering} 12. Nxg6 hxg6 13.
Nf3 Nb3 14. Bg5 $5 {[%csl Gg5] trying to exchange dark-squared bishops.}) 12...
Nxh4 13. Nxh4 Be7 14. Nf3 f5 {'!?'} 15. Bg5 (15. exf6 gxf6 16. Re1 O-O-O {
with nice game for Black}) 15... Bc6 16. g3 (16. Bxe7 Qxe7 17. Qd2 Nb3 18. Qf4
(18. Qg5 Qxg5 19. Nxg5 Ke7 $11 (19... Nd2 $5 20. Nxe6 Kf7)) 18... h6 19. h4 g5
$5 20. hxg5 hxg5 21. Nxg5 O-O-O $44) 16... O-O-O 17. Bxe7 (17. h4 $5 h6 $140
18. Bxe7 Qxe7 19. h5 {[%cal Gf3h4]}) 17... Qxe7 {Black completed his
development and has some advantage now: more space and more active pieces.} 18.
Nh4 {'?!' White either underestimated the danger, or didn't see a decent
alternative.} ({Worth considering} 18. h4 $5) 18... g5 19. Ng2 f4 {'!'
Vaganian immediately takes the opportunity to grab space on the kingside.} 20.
Kh1 (20. gxf4 gxf4 21. Bg4 Rdf8 $36 {[%cal Gc6e8,Ge8g6]}) 20... Rdf8 21. Bh5 (
21. gxf4 $5) 21... Nb3 22. f3 Be8 {'!'} 23. Bxe8 Qxe8 {'-/+'} 24. gxf4 (24. Qe2
fxg3 25. hxg3 h5 $40) 24... gxf4 25. Rf2 {'?!'} ({Dvoirys could have offered a
tough resistance after} 25. Qe1 $142 $5 Rhg8 26. Rg1 {[%cal Gg2h4]}) 25... Rhg8
26. Qc2 (26. Ne1 Qh5 27. Qe2 Rg3 $1 28. Rg2 Rfg8 {[%cal Ch1g1,Ch2g3,Gg8g6]})
26... Rf5 {Black has got an excellent attacking chances while White still has
no real counterplay.} 27. Kg1 {'?!'} (27. Rg1 $8) 27... Rfg5 28. Rd1 (28. Kf1
Qh5) 28... Qh5 29. Kh1 Rf5 $5 $19 {[%cal Gg8g3]} 0-1